1786 1473 1427 1013 1824 1984 1244 1744 1789 1561 1453 1876 1875 1965 1270 1817 1104 1007 1327 1222 1596 1963 1142 1998 1645 1828 1956 1492 1807 1444 1070 1131 1551 1707 1159 1027 1135 1597 1697 1208 1153 1440 1740 1939 1389 1624 1644 1634 1895 1072 1270 1811 1090 1683 1001 1129 1929 1264 1501 1215 1586 1349 1595 1425 1324 1543 1598 1000 1761 1477 1575 1917 1175 1172 1383 1566 1227 1199 1898 1310 1122 1817 1207 1410 1501 1730 1493 1580 1827 1344 1139 1180 1824 1188 1004 1943 1352 1849 1577 BCNSPRNW ULIB Ver.6.0+V

เปลี่ยนเป็นภาษาไทย

Change to English
 แสดงรายละเอียดบรรณานุกรม
  กลับหน้าหลัก

Brief Record : Get Marc (ISO 2709) : E-mail record : QR code < ปิดหน้าต่าง
LEADER : 00000nam 2200000uu 4500
001    13399111920
003     ULIB
008    110627s2550||||th 000 0 tha d
020    9789747291247
090    นว.^bก124ร 2550
100 0  กนกณัชชา
245 00 รักฉบับกระเป๋า/^cกนกณัชชา
250    พิมพ์ครั้งที่ 1
260    กรุงเทพฯ :^bไฟน์บุ๊ค,^c2550
300    368 หน้า
710 1  ไฟน์บุ๊ค
945    ^p210^l0^i021043
995    ทศพร
999 ^a ใช้งานได้ทุกระบบ
รายการนี้ยังไม่มีแท็ก
คุณยังไม่ได้ล็อกอิน คุณสามารถมีกิจกรรมร่วมกับเว็บไซต์ได้ แต่ต้องล็อกอินก่อน ::
  ล็อกอิน

รายการสื่อสารสนเทศ

ลำดับที่ ประเภท เลขเรียก/บาร์โค้ด สถานที่ สถานะ
- ไม่พบข้อมูล -

BibComment


ยังไม่เคยถูกคอมเมนท์

คอมเมนท์ทรัพยากรรายการนี้
  คอมเมนท์: รักฉบับกระเป๋า กน..


 Copyright 2026. Bcnsprnw @Library